Szczegóły MARC21

Nowoczesne systemy łączności i transmisji danych na rzecz bezpieczeństwa : szanse i zagrożenia /

003 -Nazwa inst., której nr kontr. jest w polu 001 [,]
    • @
    • Nazwa instytucji, której n kontrolny jest w polu 001
    • NUKAT
005 -DATA I CZAS OSTATNIEJ MODYFIKACJI [,]
    • @
    • pole kontrolne
    • 20241231114518.0
020 -Międzynarod. znormalizowany nr książki - ISBN [ , ]
    • a
    • Numer ISBN
    • 9788326442551 Find
040 -Instytucja sporządzająca opis [ , ]
    • a
    • Instytucja, która sporządziła opis (NP)
    • SZCZ ZUT/MG
    • c
    • Instytucja, która sporządziła rekord (NP)
    • SZCZ ZUT/MG
    • d
    • Instytucja, która zmodyfikowała rekord (P)
    • SZCZ ZUT/MG
942 -Rodzaj dokumentu [ , ]
    • c
    • Rodzaj dokumentu
    • Książka
245 -Strefa tytułu i oznaczenia odpowiedzialności [0,0]
    • a
    • Tytuł
    • Nowoczesne systemy łączności i transmisji danych na rzecz bezpieczeństwa : Find
    • b
    • Ciąg dalszy tytułu (NP)
    • szanse i zagrożenia / Find
    • c
    • Pozostałe elementy strefy tytułu i oznaczenia odpowiedzialności (NP)
    • red. nauk. Andrzej R. Pach, Zbigniew Rau, Michała Wągrowski.
260 -Strefa adresu wydawniczego [ , ]
    • a
    • Miejsce wydania (P)
    • Warszawa :
    • b
    • Nazwa wydawcy (P)
    • Wolters Kluwer Polska,
    • c
    • Data wydania (P)
    • 2013.
300 -Strefa opisu fizycznego [ , ]
    • a
    • Określenie formy książki i/lub objętość (NP)
    • 1146 s. :
    • b
    • Oznaczenie ilustracji (NP)
    • il. ;
    • c
    • Format (NP)
    • 24 cm.
336 -Typ zawartości [ , ]
    • a
    • Termin opisujący typ zawartości
    • Tekst
    • b
    • Kod określający zawartość
    • txt
    • 2
    • Źródło (terminu i kodu)
    • rdacontent
337 -Typ mediów [ , ]
    • a
    • Tryb odtwarzania
    • Bez urządzenia pośredniczącego
    • b
    • Kod typu mediów
    • n
    • 2
    • Źródło (terminu i kodu)
    • rdamedia
338 -Typ/rodzaj nośnika [ , ]
    • a
    • Hasło opisujące typ nośnika
    • Wolumin
    • b
    • Kod typu nośnika
    • nc
    • 2
    • Źródło (terminu i kodu)
    • rdacarrier
500 -Uwaga ogólna [ , ]
    • a
    • Uwaga ogólna (NP)
    • Na s. tyt. i okł. : LEX a Wolters Kluwer business.
504 -Uwaga dot. bibliogr. załącznikowej [ , ]
    • a
    • Uwaga dot. bibliografii załącznikowej
    • Bibliogr. w przypisach.
080 -Uniwersalna Klasyfikacja Dziesiętna [ , ]
    • 2
    • Identyfikator wydania tablic
    • UDC-P058
    • 9
    • UKD
    • 1983
    • a
    • Symbol klasyfikacji
    • 004.056
    • b
    • Dopowiedzenie
    • Informatyka i technika komputerowa. - Bezpieczeństwo.
080 -Uniwersalna Klasyfikacja Dziesiętna [ , ]
    • 2
    • Identyfikator wydania tablic
    • UDC-P058
    • 9
    • UKD
    • 2102
    • a
    • Symbol klasyfikacji
    • 004.451
    • b
    • Dopowiedzenie
    • Systemy operacyjne. Zarządzanie zasobami. Zarządzanie pamięcią. Zarządzanie danymi. Zarządzanie rekordami. Metody dostępu.
080 -Uniwersalna Klasyfikacja Dziesiętna [ , ]
    • 2
    • Identyfikator wydania tablic
    • UDC-P058
    • 9
    • UKD
    • 2117
    • a
    • Symbol klasyfikacji
    • 004.62
    • b
    • Dopowiedzenie
    • Przetwarzanie danych. Przygotowanie, ładowanie zdalne, eksport, import.
080 -Uniwersalna Klasyfikacja Dziesiętna [ , ]
    • 2
    • Identyfikator wydania tablic
    • UDC-P058
    • 9
    • UKD
    • 3625
    • a
    • Symbol klasyfikacji
    • 351.75
    • b
    • Dopowiedzenie
    • Porządek i bezpieczeństwo publiczne. Kontrola widowisk. Kontrola zrzeszania się i zgromadzeń. Nadzór nad bronią. Zezwolenia na broń.
080 -Uniwersalna Klasyfikacja Dziesiętna [ , ]
    • 2
    • Identyfikator wydania tablic
    • UDC-P058
    • 9
    • UKD
    • 3432
    • a
    • Symbol klasyfikacji
    • 342.72/.73
    • b
    • Dopowiedzenie
    • Prawa obywateli. Państwo a jednostka. Wolność osobista. Ochrona danych osobowych. Równość obywatelska i publiczna. Równość rasowa. Równość wyznania. Wolność nauki. Prawo zrzeszania się. Wolność zgromadzeń. Wolność sumienia i wyznania. Wolność prasy i widowisk. Prawo do pracy i ubezpieczeń społecznych. Prawo do nauki.
650 -Hasło przedmiotowe [ ,7]
    • a
    • Hasło przedmiotowe
    • Transmisja danych
    • x
    • Określnik rzeczowy
    • środki bezpieczeństwa.
    • 2
    • Źródło terminu
    • kaba
    • 9
    • KHW
    • 377373
650 -Hasło przedmiotowe [ ,7]
    • a
    • Hasło przedmiotowe
    • Teleinformatyka
    • x
    • Określnik rzeczowy
    • środki bezpieczeństwa.
    • 2
    • Źródło terminu
    • kaba
    • 9
    • KHW
    • 377374
650 -Hasło przedmiotowe [ ,7]
    • a
    • Hasło przedmiotowe
    • Ochrona danych (informatyka).
    • 2
    • Źródło terminu
    • kaba
    • 9
    • KHW
    • 121880
650 -Hasło przedmiotowe [ ,7]
    • a
    • Hasło przedmiotowe
    • Podsłuch elektroniczny.
    • 2
    • Źródło terminu
    • kaba
    • 9
    • KHW
    • 124308
650 -Hasło przedmiotowe [ ,7]
    • a
    • Hasło przedmiotowe
    • Przestępczość
    • x
    • Określnik rzeczowy
    • zapobieganie.
    • 2
    • Źródło terminu
    • kaba
    • 9
    • KHW
    • 126663
980 -Symbol UKD [ , ]
    • a
    • UKD
    • 004.056:004.451:004.62:351.75:342.72/.73
700 -Hasło dodatkowe - nazwa osobowa [1, ]
    • a
    • Nazwa osobowa (NP)
    • Pach, Andrzej R. Find
    • d
    • Daty biograficzne (NP)
    • (1952- ).
    • e
    • Określenie rodzaju współpracy
    • Red.
    • 9
    • KHW
    • 84895
700 -Hasło dodatkowe - nazwa osobowa [1, ]
    • a
    • Nazwa osobowa (NP)
    • Rau, Zbigniew Find
    • d
    • Daty biograficzne (NP)
    • (1974- ).
    • e
    • Określenie rodzaju współpracy
    • Red.
    • 9
    • KHW
    • 84896
700 -Hasło dodatkowe - nazwa osobowa [1, ]
    • a
    • Nazwa osobowa (NP)
    • Wągrowski, Michał. Find
    • e
    • Określenie rodzaju współpracy
    • Red.
    • 9
    • KHW
    • 84897
710 -Hasło dodatkowe - nazwa ciała zbiorowego [2, ]
    • a
    • Nazwa ciała zbiorowego lub nazwa geograficzna jako pierwszy element (NP)
    • Wolters Kluwer Polska.
    • 4
    • Kod relacji
    • pbl
    • 9
    • KHW
    • 52677
920 -ISBN [ , ]
    • a
    • ISBN
    • 978-83-264-4255-1 Find
Sygnatura Lokalizacja Data inwentaryzacji Status udost. Numer inwentarzowy
004BE2015-10-27-2GW.5050